000 00754nam a2200217 i 4500
001 99654
003 ES-MaACL
005 20230906182531.0
007 t|
008 050914s1970 sp ||||1| spa d
100 1 _aMartínez Bande, José Manuel.
_977883
245 1 3 _aLa invasión de Aragón y el desembarco en Mallorca /
_cJosé Manuel Martínez Bande.
260 _aMadrid :
_bSan Martín,
_c1970.
300 _a320 p., lám., 12 map. pleg. ;
_c24 cm.
490 1 _aMonografías de la Guerra de España ;
_v5
500 _aServicio Histórico Militar.
710 1 _aEspaña.
_bServicio Histórico Militar.
_93980
830 0 _aMonografías de la Guerra de España ;
_v5
_9184535
852 _aES-MaACL
_jC-38165
_bR.74058
999 _c99654
_d99654